<?xml version="1.0" encoding="UTF-8"?>
<record
    xmlns:xsi="http://www.w3.org/2001/XMLSchema-instance"
    xsi:schemaLocation="http://www.loc.gov/MARC21/slim http://www.loc.gov/standards/marcxml/schema/MARC21slim.xsd"
    xmlns="http://www.loc.gov/MARC21/slim">

  <leader>00359nam a22001217a 4500</leader>
  <datafield tag="040" ind1=" " ind2=" ">
    <subfield code="c">Kitabistan Publishing Co.</subfield>
  </datafield>
  <datafield tag="082" ind1=" " ind2=" ">
    <subfield code="a">491.439 </subfield>
    <subfield code="b">Q95 K</subfield>
  </datafield>
  <datafield tag="100" ind1=" " ind2=" ">
    <subfield code="a">Bashir A. Qureshi</subfield>
    <subfield code="9">33261</subfield>
  </datafield>
  <datafield tag="245" ind1=" " ind2=" ">
    <subfield code="a">Kitabistan's Twentieth Century Stanard Dictionary</subfield>
    <subfield code="b">Urdu into English</subfield>
  </datafield>
  <datafield tag="260" ind1=" " ind2=" ">
    <subfield code="a">Lahore</subfield>
    <subfield code="b">Kitabistan Publishing Co.</subfield>
  </datafield>
  <datafield tag="300" ind1=" " ind2=" ">
    <subfield code="a">viii, 688p.</subfield>
  </datafield>
  <datafield tag="942" ind1=" " ind2=" ">
    <subfield code="2">ddc</subfield>
    <subfield code="c">BK</subfield>
  </datafield>
  <datafield tag="999" ind1=" " ind2=" ">
    <subfield code="c">614666</subfield>
    <subfield code="d">614666</subfield>
  </datafield>
  <datafield tag="952" ind1=" " ind2=" ">
    <subfield code="0">0</subfield>
    <subfield code="1">0</subfield>
    <subfield code="2">ddc</subfield>
    <subfield code="4">0</subfield>
    <subfield code="7">0</subfield>
    <subfield code="a">SCME</subfield>
    <subfield code="b">SCME</subfield>
    <subfield code="d">2025-09-18</subfield>
    <subfield code="l">0</subfield>
    <subfield code="o">491.439  Q95 K</subfield>
    <subfield code="p">SCME-D307</subfield>
    <subfield code="r">2025-09-18</subfield>
    <subfield code="w">2025-09-18</subfield>
    <subfield code="y">BK</subfield>
  </datafield>
</record>
